NOVÉ TYPY TEPELNE ODOLNÝCH LAKOV NA DRÔTY

Bibliographic Details
Main Authors: Bínová, G. (Author), Šedovič, J. (Author)
Format: Article
Language:Slovak

MARC

LEADER 00000nab a2200000 a 4500
001 vtls010703789
003 SK-MaSNL
005 20260304195030.0
008 250709s1964 xo |||||||||||||||||slo|
035 |a (urnnbn)urn:nbn:sk:snk:ar-a03wkg 
035 |a (uuid)65f74323-9e4a-4ac0-9504-508ccebd1c89 
035 |a urn:nbn:sk:snk-ab38pu 
040 |a SNKBUCL  |b slo  |c SNKBUCL  |e AACR2 
041 0 |a slo 
044 |a xo  |c SK 
100 1 |a Bínová, G.  |4 aut  |9 797357 
245 1 0 |a NOVÉ TYPY TEPELNE ODOLNÝCH LAKOV NA DRÔTY  |c G. Bínová, J. Šedovič 
700 1 |a Šedovič, J.  |4 aut  |9 1152309 
773 0 |t Bulletin VÚKI  |g Roč. 17, č. 3 (1964), s. 93-99 
850 |a Slovenská národná knižnica 
852 |a Slovenská národná knižnica 
958 |a article1 
958 |a OND 
999 |c 3078650  |d 3080580